Score 0/25 Timer 08:00
6 Plays Today
% Correct
United States
98.2%
Russia
97.5%
China
97.1%
Egypt
94.9%
Canada
93.4%
Australia
93.3%
Chile
92.8%
Argentina
92.3%
Italy
90.1%
Saudi Arabia
89%
Libya
87.2%
Turkey
84.5%
India
83.1%
% Correct
Somalia
82.9%
United Kingdom
80.9%
Sweden
80.4%
South Africa
80%
Vietnam
78.7%
Germany
76.6%
Madagascar
76.1%
Mali
75.4%
Ukraine
74.4%
Papua New Guinea
71.4%
Iran
71%
Nicaragua
70.2%
Remove Ads.
Support Sporcle.
Get the best of Sporcle when you Go Orange. This ad-free experience offers more features, more stats, and more fun while also helping to support Sporcle. Thank you for becoming a member.

You're not logged in!

Compare scores with friends on all Sporcle quizzes.
OR
Log In

Show Comments

Extras

Top Quizzes Today


Score Distribution

Your Account Isn't Verified!

In order to create a playlist on Sporcle, you need to verify the email address you used during registration. Go to your Sporcle Settings to finish the process.

Report this User

Report this user for behavior that violates our Community Guidelines.

Details: